Quizzes
Events
Quiz Creation
Community
Videos
Private Events
Remove Ads
Sign In
Join for FREE
Feedback
Dark Mode
Quiz Categories
Sports
Geography
Music
Movies
Television
Just For Fun
Miscellaneous
History
Literature
Language
Science
Gaming
Entertainment
Religion
Holiday
For Kids
Quiz Lab
Recent
Popular Today
Quiz Kudos Today
Editor Picks
Curator Picks
Quizzes by...
Day
Popularity
Type
Ratings
Length
Year
Community
Subscriptions
Recent Discussions
Orange Saloon
Badges
Playlists
Quests
Create
Leaderboards
Showdown
Live 5
Trivia Bingo
Activity
Puzzle Library
Sporcle Events
Private Events
Virtual Trivia
Globe League
Become a Host
Pub Owners
SporcleCon
Opinionation
Our Games
Videos
Blog
Mobile Apps
Partnerships
Remove Ads and Go Orange
Feedback
Religion
Mythology
Religious Music
World Religions
Bible
Christianity
Catholicism
Judaism
Church
Scripture
Islam
Verse
Religion
Mythology
Religious Music
World Religions
Bible
Christianity
Catholicism
Judaism
Church
Scripture
Islam
Verse
Random Quiz
Search Sporcle
×
Quiz Lab
Quiz Lab
Religion
Christianity
Type in answers that appear in a list
Type in answers that appear in a list
Classic
Best Score? Go Orange.
Denominational Alphabet Soup Stats
Can you name the full names of these American Christian denominations given their acronyms?
By
penguinflying
10m
20 Questions
118 Plays
118 Plays
118 Plays
Comments
Comments
Give Quiz Kudos
Give Quiz Kudos
-
- Ratings
hide this ad
Random Order
Randomize order of answers
Randomize order of answers
Replay
Link that replays current quiz
Next Quiz
Link to next quiz in quiz playlist
You Got
0%
They Got
Avg Score
28%
Avg Friend Score
Upgrade to see
Score Distribution
Jump to the score distribution portion of the page
Score
0/20
Timer
10:00
0
Plays Today
Acronym
Full Name
% Correct
UMC
United Methodist Church
71.2%
UCC
United Church of Christ
63.6%
SBC
Southern Baptist Convention
54.2%
ELCA
Evangelical Lutheran Church in America
44.1%
AME
African Methodist Episcopal Church
42.4%
LCMS
Lutheran Church—Missouri Synod
41.5%
PCA
Presbyterian Church in America
34.7%
COGIC
Church of God in Christ
28.8%
UUA
Unitarian Universalist Association
27.1%
WELS
Wisconsin Evangelical Lutheran Synod
25.4%
Acronym
Full Name
% Correct
PCUSA
Presbyterian Church in the United States of America
25.4%
OCA
Orthodox Church in America
25.4%
EFCA
Evangelical Free Church of America
17.8%
ROCOR
Russian Orthodox Church Outside Russia
15.3%
BGC
Baptist General Conference
10.2%
PECUSA
Protestant Episcopal Church in the United States of America
8.5%
ABCUSA
American Baptist Churches USA
8.5%
MCUSA
Mennonite Church USA
8.5%
PNBC
Progressive National Baptist Church
4.2%
LCMC
Lutheran Congregations in Mission for Christ
4.2%
Quiz Playlist
Details
Report
Send in Message
Add To Playlist
Classic:
Type in answers that appear in a list
Random Order:
Randomize order of answers
Last Updated: Feb 16, 2017
Quiz Scoreboard
CHALLENGE
Sign Up to Join the Scoreboard
Show All
Scores
Hide
Comments
May contain spoilers
Recently Published
Click the 1999 NBA Draft
by nibperrychub
Sports
2m
Alphabetical 'K' Countries by Flag Minefield
by ylime102
Geography
3m
Pick 6: Fruits
by JohnFran
Miscellaneous
15s
More to Explore
Quiz From the Vault
Featured Blog Post
15 Basketball Trivia Facts You Can Be March Mad About
hide this ad
You Might Also Like...
Tags
Alphabet Quiz
Christianity Quiz
Acronym
America
Christian
denomination
denominational
full
soup
Today's Top Quizzes in Religion
Browse Religion
hide this ad
Today's Top Quizzes in Christianity
Browse Christianity
Top Contributed Quizzes in Religion
1
Follow That Line: Easter Verses
2
Get the Picture: Seasonal Deities
3
Word Ladder: Holy Books
4
Mythology in Media: Gabriel
5
Dante's Inferno: Sinner/Punishment Match!
6
Quick Pick: Continental Religions
7
Every 'T' Bible Name by Any 3 Letters
8
Quick Pick: Cause of Death - God's rap sheet
9
Guess Those Pokemon! (Impossible, 0% Successes!)
10
Five for Five: Greek Heroes
Explore More
Trending Topics
NBA
Crossword
Harry Potter
Kpop
Marvel
Disney
Anime
Country
The Office
Puzzle
NFL
Song
Pokémon
WWE
Soccer
hide this ad
More By:
penguinflying
Quiz
Plays
Rating
Category
Featured
Created
Countries Hit By Earthquakes
1,888
4.13
Geography
Mar 15, 2011
Indo-European Languages
1,510
4.29
Language
Dec 5, 2010
Countries with the most Lutherans
996
4.50
Religion
Dec 1, 2010
Japan: Islands, Regions, Prefectures, Capitals, Geography
811
3.50
Geography
Nov 26, 2011
Chinese Ethnic Groups
675
5.00
Geography
Feb 7, 2011
Go to Creator's Profile
Score Distribution
Quiz Creator Spotlight
penguinflying
Follow
Send a Message
Quizzes Created
-
Created Quiz Play Count
-
More By This Creator
Popular Quizzes Today
1
Find the US States - No Outlines Minefield
2
Countries of Asia Without Outlines Minefield
3
Pick 6: Fruits
4
The Countries of the World
5
Alphabetical 'K' Countries by Flag Minefield
6
Click the 1999 NBA Draft
7
Match the Book to the Film X
8
Find the US States
More Religion Quizzes
Symbol Cryptogram: Bible Books VII
Quiz Lab
Trending Quizzes
Pick 6: Harry Potter
Pick 6: Mountains
Pick 6: NFL Teams
Pick 6: Movie Franchises
Pick 6: Golfers
Recently Updated
Women's Final Four Teams by Year
bhenderson79
Presidents Quartet II
eogle
Anything But Clue(do)
eogle
Anything But Oceanian Capitals
eogle
Anything But 7
eogle
Anything But Thing
eogle
Word Ladder: February 29
pecheneg
Song Title Questions
pecheneg
Women's NCAA Tournament #1 Seeds
pecheneg
Celebrity Mug Shots
pecheneg
Trending Topics
Crossword
Disney
Marvel
Anime
Harry Potter
NBA
Kpop
Song
Country
Puzzle
Soccer
Pokémon
The Office
WWE
NFL
Your Account Isn't Verified!
In order to create a playlist on Sporcle, you need to verify the email address you used during registration. Go to your
Sporcle Settings
to finish the process.
Report this User
Report this user for behavior that violates our
Community Guidelines
.
Details:
Send Report
Go to the Sporcle.com Mobile Site →
Comments